Over/Under: 35 HRs in a Season Quiz Stats

 Plays Quiz Updated Jul 30, 2014

Support Sporcle.
Go Orange.
Score 0/30 Timer 05:00
2 Plays Today
Player O/U 35 HR Season % Correct
Miguel Cabrera???
91.7%
Lance Berkman???
87.1%
Carlos Lee???
82.9%
Fred McGriff???
82.5%
Travis Hafner???
79.7%
Darryl Strawberry???
78.8%
Barry Larkin???
75.1%
Jeff Kent???
72.7%
Stan Musial???
70.9%
Robin Yount???
66.1%
Moises Alou???
64.6%
Roberto Clemente???
63.6%
Ron Santo???
62.7%
Harold Baines???
62.6%
George Brett???
61.1%
Player O/U 35 HR Season % Correct
Gary Carter???
59.7%
Cal Ripken Jr.???
58.4%
Kirk Gibson???
57.3%
Rogers Hornsby???
54.2%
Matt Stairs???
53.4%
Chase Utley???
52%
Steve Finley???
51.4%
David Wright???
49.6%
Tony Perez???
48.6%
Dwight Evans???
48.5%
Carlton Fisk???
47.4%
Dave Parker???
41.8%
Al Kaline???
41%
Vernon Wells???
32.6%
Eddie Murray???
30.3%

You're not logged in!

Compare scores with friends on all Sporcle quizzes.
OR
Log In

From the Vault

The 'G' Movies

by Larryholmes79

This quiz is provided as a courtesy to those who are particularly anal retentive about their Netflix queue.
Remove Ads.
Support Sporcle.
Get the best of Sporcle when you Go Orange. This ad-free experience offers more features, more stats, and more fun while also helping to support Sporcle. Thank you for becoming a member.

Show Comments

Extras

Top Quizzes Today


Score Distribution

Your Account Isn't Verified!

In order to create a playlist on Sporcle, you need to verify the email address you used during registration. Go to your Sporcle Settings to finish the process.

Report this User

Report this user for behavior that violates our Community Guidelines.

Details: